000
00301nam a2200121 a 4500
005
20260322212022.0
008
data
092
_a
110
100
1
_a
Norman Greenbaum
245
1
0
_a
Guardians of the galaxy, Awesome mix. Vol. 1.
_c
Norman Greenbaum.
260
_a
Burbank, CA
_b
Hollywood Records
_c
2014
001
data
999
_c
486
_d
486